Asset market equilibrium in infinite dimensional complete markets.
Dôkaz existencie rovnováhy s krátkymi predajmi. Dôkaz sa opiera o všeobecnú vetu o existencii rovnováhy bez obmedzenia spotreby. Nutná a postačujúca podmienka správnosti preferencií.
Salvato in:
| Autore principale: | |
|---|---|
| Natura: | Capitolo di libro |
| Lingua: | inglese |
| Soggetti: | |
| Tags: |
Nessun Tag, puoi essere il primo ad aggiungerne!!
|
MARC
| LEADER | 00000naa a2200000 4500 | ||
|---|---|---|---|
| 001 | r006902 | ||
| 005 | 20221130103445.5 | ||
| 041 | 0 | |a eng | |
| 044 | |a NL | ||
| 245 | 1 | 0 | |a Asset market equilibrium in infinite dimensional complete markets. |c H.H.C. Cheng |
| 520 | |a Dôkaz existencie rovnováhy s krátkymi predajmi. Dôkaz sa opiera o všeobecnú vetu o existencii rovnováhy bez obmedzenia spotreby. Nutná a postačujúca podmienka správnosti preferencií. | ||
| 610 | 2 | 0 | |a metódy ekonomicko-matematické |
| 610 | 2 | 0 | |a rovnováha trhová |
| 610 | 2 | 0 | |a trh kapitálový |
| 610 | 2 | 0 | |a predaj |
| 610 | 2 | 0 | |a preferencie |
| 610 | 2 | 0 | |a spotreba |
| 100 | 1 | |a Cheng, H.H.C. | |